Les espaces urbains en france - Statistiques

Statistiques générales
  • Ce quiz a été pris 8 fois
  • Le résultat moyen est 3 sur 15
Statistiques - réponses
Type de quiz Indice concernant un des espaces Nombre Nom de l'espace % Correct
Ayant une population comprise entre 1 et 2 M d'habitants NCA 4 Toulouse | Nice-Côte-d'Azur | Bordeaux | Nantes-Saint-Nazaire
67%
Ayant une population comprise entre 300000 et 500000 d'habitants PT 8 La Rochelle-Niort-Val de Charente | Pau-Tarbes | Lorient-Vannes | Le Mans | Angers | Brest | Bourges-Châteauroux | Amiens
50%
Ayant une population comprise entre 500000 et 1 M d'habitants CF 3 Rennes | Tours | Clermont-Ferrand
50%
Ayant une population supérieure à 10 M d'habitants GBP 1 Grand Bassin Parisien
33%
Ayant une population comprise entre 150000 et 300000 d'habitants BN 9 Poitiers-Châtellerault | Limoges | Perpignan | Bayonne | Béziers-Narbonne | Troyes | Sud-Finistère | Saint-Brieuc | Angoulême
33%
Ayant une population comprise entre 15000 et 20000 d'habitants VDR 13 Agde | Parthenay | Bressuire | Sarlat-la-Canéda | Briançon | La Ferté-Bernard | Villefranche-de-Rouergue | Mende | Avallon | Saint-Girons | Cosne-Cours-sur-Loire | Paimpol | Figeac
17%
Ayant une population comprise entre 50000 et 75000 d'habitants MDM 9 Cholet | Bergerac | Le Puy-en-Velay | Flers-Vire | Lannion | Moulins | Aurillac | Mont-de-Marsan | Chaumont-Langres
17%
Ayant une population comprise entre 100000 et 150000 d'habitants LRSYLSDO 6 La Roche-sur-Yon-Les Sables-d'Olonne | Agen | Brive-la-Gaillarde | Cherbourg-Octeville | Roanne [ Nevers
17%
Ayant une population comprise entre 3 et 5 M d'habitants GDM 4 Rhône et Alpes | Grand Delta méditerranéen | Est | Nord-Pas-de-Calsi
17%
Ayant une population comprise entre 30000 et 40000 d'habitants SGCDVC 6 Saint-Gilles-Croix-de-Vie-Challans | Cahors | Pontivy-Loudéac | Morlaix | Auch | Albertville
17%
Ayant une population comprise entre 75000 et 100000 d'habitants AA 7 Alençon-Argentan | Périgueux | Albi | Rodez-Decazeville | Montluçon | Ajaccio | Bastia
0%
Ayant une population comprise entre 40000 et 50000 d'habitants GA 7 Dax | Saumur | Granville-Avranches | Saint-Dié | Gap | Foix-Pamiers | Royan
0%
Ayant une population comprise entre 20000 et 25000 d'habitants BSC 6 Digne-les-Bains | Thouars | Bagnols-sur-Cèze | Gien | Nogent-le-Rotrou | L'Aigle
0%
Ayant une population comprise entre 25000 et 30000 d'habitants SG 5 Marmande | Pontarlier | Guéret | Millau | Saint-Gaudens
0%
Ayant une population de moins de 15000 habitants SJDM 5 Ussel | Péronne | Les Herbiers | Saint-Jean-de-Maurienne | Saint-Pol-de-Léon | Orthez | Ploërmel | Bourg-Saint-Maurice
0%
Aucun quiz correspondant
Distribution des résultats
% des personnes avec chaque résultat
Percentile par nombre de réponses
Votre historique - résultats
Vous n’avez pas pris ce quiz